[Event "Fortaleza Genti Memorial"]
[Site "Fortaleza"]
[Date "2017.09.23"]
[Round "4"]
[White "Lima Neto, Pedro"]
[Black "Correia, Mario Rui Costa"]
[Result "1-0"]
[WhiteElo "2084"]
[BlackElo "2098"]
[PlyCount "59"]
[EventDate "2017.09.22"]
[EventType "swiss"]
[EventRounds "6"]
[EventCountry "BRA"]
[SourceTitle "CBM 180 Extra"]
[Source "ChessBase"]
[SourceDate "2017.10.06"]
[SourceVersion "1"]
[SourceVersionDate "2017.10.06"]
[SourceQuality "1"]

1. e4 c5 2. Nf3 Nc6 3. Nc3 g6 4. d4 cxd4 5. Nxd4 Bg7 6. Nb3 Nf6 7. Be2 d6 8. 0-0 0-0 9. Bg5 a5 10. a4 Be6 11. Kh1 Rc8 12. f4 Nb4 13. Nd4 Bc4 14. Ndb5 Qb6 15. Na3 Bxe2 16. Qxe2 Qa6 17. Ncb5 Qb6 18. c3 Na6 19. Nc4 Qc6 20. Nxa5 Qxe4 21. Qxe4 Nxe4 22. Bxe7 b6 23. Bxf8 Bxf8 24. Nb3 Nac5 25. Nxc5 dxc5 26. f5 Rd8 27. Rae1 gxf5 28. Rxf5 Rd2 29. Kg1 Nd6 30. Rg5+ 1-0

[Event "Joao Pessoa Fischer Memorial 7th"]
[Site "Joao Pessoa"]
[Date "2016.03.12"]
[Round "4"]
[White "Lima Neto, Pedro"]
[Black "Dantas, Francisco"]
[Result "1-0"]
[WhiteElo "2089"]
[BlackElo "1930"]
[PlyCount "142"]
[EventDate "2016.03.11"]
[EventType "swiss"]
[EventRounds "6"]
[EventCountry "BRA"]
[SourceTitle "CBM 171 Extra"]
[Source "ChessBase"]
[SourceDate "2016.04.26"]
[SourceVersion "1"]
[SourceVersionDate "2016.04.26"]
[SourceQuality "1"]

1. e4 e5 2. Nf3 Nc6 3. Bb5 a6 4. Ba4 Nf6 5. 0-0 Be7 6. Re1 b5 7. Bb3 d6 8. a4 Bg4 9. c3 0-0 10. h3 Bh5 11. d3 Na5 12. Ba2 c5 13. Nbd2 Nc6 14. Nf1 h6 15. Ng3 Bg6 16. Nh4 Kh7 17. Nhf5 Ng8 18. Bd5 Qc7 19. f4 Bf6 20. Rf1 Bxf5 21. Nxf5 g6 22. Ng3 Rab8 23. axb5 axb5 24. f5 Nce7 25. fxg6+ fxg6 26. Be6 Bg7 27. Be3 b4 28. Rxf8 Bxf8 29. Qa4 bxc3 30. bxc3 Bg7 31. Qc4 Qb7 32. Rf1 Rf8 33. Rxf8 Bxf8 34. Bg4 Bg7 35. Kh2 Qb1 36. Qa6 Qb8 37. Be6 Nf6 38. Ba2 Nfg8 39. Qc4 Kh8 40. Qe6 Qd8 41. Nf1 Qf8 42. Nd2 Nc8 43. Qxg6 Nf6 44. Qf5 Ne7 45. Qe6 Ng6 46. Qf7 Qxf7 47. Bxf7 Nf4 48. d4 cxd4 49. cxd4 Ne2 50. dxe5 dxe5 51. Bc4 Nc3 52. Bd3 Bf8 53. g4 Kg7 54. Kg2 Nd7 55. Nb3 Be7 56. Bd2 Bb4 57. Kf3 Na2 58. Be3 Nc3 59. h4 Be7 60. Kg3 Nf6 61. Nd2 Nd1 62. Bb6 Bb4 63. Nc4 Be1+ 64. Kf3 Bxh4 65. Nxe5 Nc3 66. Bd4 Na2 67. Nc6 Nc1 68. Bc2 Kg6 69. Bb2 Bg5 70. Nd4 Kf7 71. Nf5 Ne8 1-0

[Event "Joao Pessoa Fischer Memorial 7th"]
[Site "Joao Pessoa"]
[Date "2016.03.12"]
[Round "3"]
[White "Lucena, Helianto dos Santos"]
[Black "Lima Neto, Pedro"]
[Result "0-1"]
[WhiteElo "1815"]
[BlackElo "2089"]
[PlyCount "70"]
[EventDate "2016.03.11"]
[EventType "swiss"]
[EventRounds "6"]
[EventCountry "BRA"]
[SourceTitle "CBM 171 Extra"]
[Source "ChessBase"]
[SourceDate "2016.04.26"]
[SourceVersion "1"]
[SourceVersionDate "2016.04.26"]
[SourceQuality "1"]

1. d4 Nf6 2. e3 g6 3. Bd3 Bg7 4. Nd2 0-0 5. Ngf3 d6 6. 0-0 Nc6 7. c3 e5 8. dxe5 Nxe5 9. Nxe5 dxe5 10. Be2 Be6 11. Nf3 Ne4 12. Qc2 Nd6 13. e4 Qe7 14. b3 Rfd8 15. Ba3 Qe8 16. Rad1 Qc6 17. Nd2 Nb5 18. Bxb5 Qxb5 19. c4 Qc6 20. Nf3 f6 21. Bb2 Bf8 22. Rfe1 a5 23. Rd3 Rxd3 24. Qxd3 Be7 25. Bc3 Rd8 26. Qe2 b6 27. h4 Qd7 28. Kf1 Bg4 29. Qe3 Bc5 30. Qc1 Qd3+ 31. Kg1 Bxf3 32. gxf3 Qxf3 33. Qc2 Rd3 34. Ba1 Qg4+ 35. Kf1 Rh3 0-1

[Event "Fortaleza Costa Memorial"]
[Site "Fortaleza"]
[Date "2015.11.29"]
[Round "5"]
[White "Nogueira, Jorge da Silva"]
[Black "Lima Neto, Pedro"]
[Result "0-1"]
[WhiteElo "1626"]
[BlackElo "2096"]
[PlyCount "58"]
[EventDate "2015.11.26"]
[EventType "swiss"]
[EventRounds "5"]
[EventCountry "BRA"]
[SourceTitle "CBM 169 Extra"]
[Source "ChessBase"]
[SourceDate "2015.12.18"]
[SourceVersion "1"]
[SourceVersionDate "2015.12.18"]
[SourceQuality "1"]

1. Nf3 c5 2. c3 d5 3. d4 Nf6 4. Nbd2 Nc6 5. e3 e6 6. a3 Bd6 7. Bd3 0-0 8. 0-0 e5 9. dxe5 Nxe5 10. Nxe5 Bxe5 11. h3 Be6 12. Re1 Qc7 13. f4 Bd6 14. Qf3 Rad8 15. Bc2 Rfe8 16. g4 d4 17. Ne4 Nxe4 18. Bxe4 dxc3 19. bxc3 b6 20. Bc2 Bd7 21. Kf2 Bc6 22. Qg3 Be4 23. Ba4 Re6 24. Qh4 Be7 25. g5 h6 26. Rg1 hxg5 27. Qg3 Rg6 28. Qh2 gxf4 29. Rxg6 fxe3+ 0-1

[Event "Cearenses-ch"]
[Site "Fortaleza"]
[Date "2014.11.14"]
[Round "2"]
[White "Lima Neto, Pedro"]
[Black "Correia, Aristoteles de Jesu"]
[Result "1-0"]
[WhiteElo "2081"]
[BlackElo "1728"]
[PlyCount "79"]
[EventDate "2014.11.13"]
[EventType "swiss"]
[EventRounds "6"]
[EventCountry "BRA"]
[SourceTitle "EXT 2022"]
[Source "ChessBase"]
[SourceDate "2021.10.06"]
[SourceVersion "1"]
[SourceVersionDate "2021.10.06"]
[SourceQuality "1"]

1. d4 Nf6 2. c4 g6 3. Nc3 Bg7 4. e4 d6 5. Be2 0-0 6. Bg5 e5 7. dxe5 dxe5 8. Qxd8 Rxd8 9. Bxf6 Bxf6 10. Nd5 Nd7 11. Rd1 Kg7 12. Nxc7 Rb8 13. b4 Nb6 14. Nd5 Nxd5 15. cxd5 Be7 16. Rb1 f5 17. f3 f4 18. Bd3 Bh4+ 19. Ke2 Bd7 20. Nh3 Bxh3 21. gxh3 Be7 22. Rhc1 Rbc8 23. a3 Bd6 24. Kd2 Rc7 25. Rxc7+ Bxc7 26. Rc1 Bb6 27. Rc2 Kf6 28. a4 a5 29. bxa5 Bxa5+ 30. Ke2 Rd6 31. Rc5 Bd8 32. Bb5 Ke7 33. Rc8 g5 34. Kf1 Rb6 35. Rb8 h6 36. Ke2 Bc7 37. Rh8 Rd6 38. Kd3 Bd8 39. Rh7+ Kf8 40. Rxb7 1-0

[Event "Fortaleza Alves Memorial 19th"]
[Site "Fortaleza"]
[Date "2014.05.18"]
[Round "6"]
[White "Lima Neto, Pedro"]
[Black "Rocha, Vitor Firmo de Souz"]
[Result "1-0"]
[WhiteElo "2085"]
[BlackElo "2037"]
[PlyCount "31"]
[EventDate "2014.05.16"]
[EventType "swiss"]
[EventRounds "6"]
[EventCountry "BRA"]
[SourceTitle "CBM 160 Extra"]
[Source "ChessBase"]
[SourceDate "2014.07.01"]
[SourceVersion "1"]
[SourceVersionDate "2014.07.01"]
[SourceQuality "1"]

1. e4 e6 2. d4 d5 3. Nd2 Nc6 4. Ngf3 Nf6 5. e5 Nd7 6. Nb3 f6 7. Bb5 a6 8. Bxc6 bxc6 9. 0-0 c5 10. c4 c6 11. exf6 gxf6 12. Ng5 fxg5 13. Qh5+ Ke7 14. Bxg5+ Nf6 15. Bxf6+ Kxf6 16. Qh4+ 1-0

[Event "Fortaleza Alves Memorial 19th"]
[Site "Fortaleza"]
[Date "2014.05.17"]
[Round "4"]
[White "Lima Neto, Pedro"]
[Black "De Lima Jr, Antonio Jose Romao"]
[Result "1-0"]
[WhiteElo "2085"]
[BlackElo "1876"]
[PlyCount "49"]
[EventDate "2014.05.16"]
[EventType "swiss"]
[EventRounds "6"]
[EventCountry "BRA"]
[SourceTitle "CBM 160 Extra"]
[Source "ChessBase"]
[SourceDate "2014.07.01"]
[SourceVersion "1"]
[SourceVersionDate "2014.07.01"]
[SourceQuality "1"]

1. e4 c5 2. Nc3 e6 3. f4 d5 4. Nf3 Nc6 5. Bb5 a6 6. Bxc6+ bxc6 7. 0-0 c4 8. b3 cxb3 9. axb3 Nf6 10. e5 Ne4 11. Na4 Bc5+ 12. Nxc5 Nxc5 13. Ba3 Qb6 14. Kh1 Ne4 15. Qe1 Nc5 16. Qh4 0-0 17. d4 Nd7 18. Bxf8 Nxf8 19. Qe1 a5 20. Qc3 Ng6 21. Ne1 Bb7 22. Nd3 Qd8 23. Nc5 Ba6 24. Qxa5 Qxa5 25. Rxa5 1-0

[Event "Fortaleza Saboya op"]
[Site "Fortaleza"]
[Date "2014.05.06"]
[Round "5"]
[White "Lima Neto, Pedro"]
[Black "Ribeiro, Orlando Alves"]
[Result "1/2-1/2"]
[WhiteElo "2085"]
[BlackElo "1858"]
[PlyCount "56"]
[EventDate "2014.04.27"]
[EventType "swiss"]
[EventRounds "7"]
[EventCountry "BRA"]
[SourceTitle "CBM 160 Extra"]
[Source "ChessBase"]
[SourceDate "2014.07.01"]
[SourceVersion "1"]
[SourceVersionDate "2014.07.01"]
[SourceQuality "1"]

1. c4 c5 2. g3 g6 3. Bg2 Bg7 4. Nc3 Nc6 5. Nf3 Nf6 6. 0-0 0-0 7. d4 cxd4 8. Nxd4 a6 9. Rb1 Nxd4 10. Qxd4 Rb8 11. Qa7 Qc7 12. Be3 d5 13. cxd5 Bf5 14. Bf4 Qc8 15. Rbc1 Ra8 16. Qb6 Qd7 17. e4 Bh3 18. Be5 Bxg2 19. Kxg2 Nxd5 20. Nxd5 Bxe5 21. Rfd1 Kh8 22. f4 Bb8 23. Qd4+ f6 24. Nb6 Qxd4 25. Rxd4 Ba7 26. Rb4 Rad8 27. Rc2 Bxb6 28. Rxb6 Rd7 1/2-1/2

[Event "Fortaleza Saboya op"]
[Site "Fortaleza"]
[Date "2014.04.29"]
[Round "2"]
[White "Ribeiro, Matheus Cavalcante"]
[Black "Lima Neto, Pedro"]
[Result "1-0"]
[WhiteElo "2162"]
[BlackElo "2085"]
[PlyCount "75"]
[EventDate "2014.04.27"]
[EventType "swiss"]
[EventRounds "7"]
[EventCountry "BRA"]
[SourceTitle "CBM 160 Extra"]
[Source "ChessBase"]
[SourceDate "2014.07.01"]
[SourceVersion "1"]
[SourceVersionDate "2014.07.01"]
[SourceQuality "1"]

1. e4 c5 2. Nf3 d6 3. d4 cxd4 4. Nxd4 Nf6 5. Nc3 a6 6. Bg5 e6 7. f4 Be7 8. Qf3 Qc7 9. 0-0-0 Nbd7 10. g4 h6 11. Bxf6 Bxf6 12. Kb1 Qb6 13. Nb3 Qc7 14. Nd4 g5 15. fxg5 Bxg5 16. Ndb5 axb5 17. Nxb5 Qa5 18. Nxd6+ Kd8 19. a3 Rf8 20. Bb5 Kc7 21. Qd3 Rd8 22. Nc4 Ne5 23. Qxd8+ Bxd8 24. Nxa5 Rxa5 25. Be2 Bd7 26. Ka2 Be7 27. c3 Bc6 28. b4 Ra8 29. Rd4 Bf6 30. Rf1 Bg7 31. c4 Rd8 32. Rxd8 Kxd8 33. b5 Bxe4 34. Rf4 f5 35. gxf5 exf5 36. a4 Nd3 37. Rf1 b6 38. Bxd3 1-0

[Event "Joao Pessoa op 5th"]
[Site "Joao Pessoa"]
[Date "2014.03.16"]
[Round "6"]
[White "Soares, Alberto M Colares"]
[Black "Lima Neto, Pedro"]
[Result "0-1"]
[WhiteElo "2162"]
[BlackElo "2068"]
[PlyCount "72"]
[EventDate "2014.03.14"]
[EventType "swiss"]
[EventRounds "6"]
[EventCountry "BRA"]
[SourceTitle "CBM 159 Extra"]
[Source "ChessBase"]
[SourceDate "2014.04.24"]
[SourceVersion "1"]
[SourceVersionDate "2014.04.24"]
[SourceQuality "1"]

1. c4 e5 2. g3 Nf6 3. Bg2 c6 4. d4 Bb4+ 5. Bd2 Bxd2+ 6. Qxd2 d6 7. Nc3 Qe7 8. e3 0-0 9. Nge2 Na6 10. 0-0 Re8 11. Rad1 Nc7 12. h3 Be6 13. d5 cxd5 14. cxd5 Bd7 15. g4 Rec8 16. Ng3 Na6 17. g5 Ne8 18. e4 Nec7 19. f4 exf4 20. Qxf4 g6 21. Rde1 Re8 22. h4 Nc5 23. Re3 Bb5 24. Nxb5 Nxb5 25. h5 Nd7 26. Bh3 Ne5 27. hxg6 fxg6 28. Be6+ Kg7 29. Nf5+ gxf5 30. exf5 Kh8 31. f6 Qf8 32. Rh3 Rec8 33. Qe4 Rc7 34. g6 Nxg6 35. Qxg6 Nd4 36. Rf4 Ne2+ 0-1

[Event "Joao Pessoa op 5th"]
[Site "Joao Pessoa"]
[Date "2014.03.14"]
[Round "2"]
[White "Brito, Luismar Jorge"]
[Black "Lima Neto, Pedro"]
[Result "1/2-1/2"]
[WhiteElo "2271"]
[BlackElo "2068"]
[PlyCount "67"]
[EventDate "2014.03.14"]
[EventType "swiss"]
[EventRounds "6"]
[EventCountry "BRA"]
[SourceTitle "CBM 159 Extra"]
[Source "ChessBase"]
[SourceDate "2014.04.24"]
[SourceVersion "1"]
[SourceVersionDate "2014.04.24"]
[SourceQuality "1"]

1. Nc3 d5 2. d4 Nf6 3. Bg5 Nbd7 4. Qd3 h6 5. Bh4 c6 6. Nf3 Qa5 7. Nd2 e6 8. Nb3 Qd8 9. e4 dxe4 10. Nxe4 Be7 11. Bg3 Nxe4 12. Qxe4 Nf6 13. Qf3 Qd5 14. Be2 a5 15. c3 b6 16. 0-0 Ba6 17. c4 Bxc4 18. Bxc4 Qxc4 19. Rac1 Qd5 20. Rxc6 Qxf3 21. gxf3 Nd5 22. a4 Kd7 23. Rfc1 Rhc8 24. Rxc8 Rxc8 25. Rxc8 Kxc8 26. Kf1 h5 27. h3 Bb4 28. Nc1 Bd2 29. Nd3 f6 30. Ke2 Bh6 31. Bd6 Kd7 32. Bf8 Ke8 33. Bd6 Kd7 34. Bf8 1/2-1/2

[Event "Joao Pessoa op 5th"]
[Site "Joao Pessoa"]
[Date "2014.03.14"]
[Round "1"]
[White "Lima Neto, Pedro"]
[Black "De Lima, Claudionor Henrique"]
[Result "1-0"]
[WhiteElo "2068"]
[BlackElo "1619"]
[PlyCount "67"]
[EventDate "2014.03.14"]
[EventType "swiss"]
[EventRounds "6"]
[EventCountry "BRA"]
[SourceTitle "CBM 159 Extra"]
[Source "ChessBase"]
[SourceDate "2014.04.24"]
[SourceVersion "1"]
[SourceVersionDate "2014.04.24"]
[SourceQuality "1"]

1. e4 e5 2. Nf3 Nc6 3. Bc4 Nd4 4. c3 Nxf3+ 5. Qxf3 Qf6 6. Qg3 Bc5 7. d3 h5 8. Bg5 Qg6 9. Qxe5+ Be7 10. Bxe7 Nxe7 11. Qg3 Qxg3 12. hxg3 b6 13. Nd2 Bb7 14. 0-0-0 f5 15. Rde1 0-0-0 16. Nf3 fxe4 17. dxe4 d5 18. exd5 Nxd5 19. Ne5 Rdf8 20. Ng6 Nf6 21. Nxh8 Rxh8 22. f3 g5 23. Re5 g4 24. fxg4 Bxg2 25. Rh2 Nxg4 26. Be6+ Kb7 27. Bxg4 Bc6 28. Rhxh5 Rg8 29. Rhg5 Rh8 30. Rg7 Rh1+ 31. Kd2 Rh2+ 32. Re2 Rh1 33. Ree7 a5 34. Rxc7+ 1-0

[Event "Farias Brito Cearense-ch 55th"]
[Site "Farias Brito"]
[Date "2013.12.15"]
[Round "6"]
[White "Polack, Walter Friedrich Jr"]
[Black "Lima Neto, Pedro"]
[Result "1-0"]
[WhiteElo "1848"]
[BlackElo "2069"]
[PlyCount "109"]
[EventDate "2013.12.12"]
[EventType "swiss"]
[EventRounds "6"]
[EventCountry "BRA"]
[SourceTitle "CBM 158 Extra"]
[Source "ChessBase"]
[SourceDate "2014.02.28"]
[SourceVersion "1"]
[SourceVersionDate "2014.02.28"]
[SourceQuality "1"]

1. c4 e5 2. d3 Nf6 3. Nc3 c6 4. g3 Bb4 5. Bg2 0-0 6. Bd2 Re8 7. a3 Bf8 8. e4 Na6 9. Nge2 Nc7 10. Qb3 Rb8 11. 0-0 b5 12. cxb5 Nxb5 13. Nxb5 Rxb5 14. Qc2 Ba6 15. b4 Rb8 16. Be3 Qc7 17. Bg5 Be7 18. Rfd1 h6 19. Bxf6 Bxf6 20. Rac1 Bg5 21. Rb1 Qb6 22. Nc1 Bxc1 23. Rbxc1 Bb5 24. Qc5 Rbd8 25. d4 d6 26. Qc3 exd4 27. Qxd4 Qxd4 28. Rxd4 Kf8 29. f4 f6 30. Bf3 g6 31. Bd1 c5 32. Rd2 cxb4 33. axb4 Rxe4 34. Bf3 Rc4 35. Rb1 Bc6 36. Be2 Rc3 37. b5 Be4 38. Ra1 Rd7 39. Kf2 d5 40. Rda2 Rcc7 41. Ke3 Bc2 42. Ra6 Kg7 43. Kd4 Bb3 44. Bf1 Kf7 45. Rc6 Rxc6 46. bxc6 Rc7 47. Kc5 Ke7 48. Bg2 d4 49. Re1+ Kd8 50. Re4 Re7 51. Rxd4+ Kc8 52. Rb4 Bc2 53. Bd5 a5 54. Rb2 Bd1 55. Kd6 1-0

[Event "Farias Brito Cearense-ch 55th"]
[Site "Farias Brito"]
[Date "2013.12.14"]
[Round "4"]
[White "Lima, Paulo Sergio da Sil"]
[Black "Lima Neto, Pedro"]
[Result "1/2-1/2"]
[WhiteElo "1916"]
[BlackElo "2069"]
[PlyCount "52"]
[EventDate "2013.12.12"]
[EventType "swiss"]
[EventRounds "6"]
[EventCountry "BRA"]
[SourceTitle "CBM 158 Extra"]
[Source "ChessBase"]
[SourceDate "2014.02.28"]
[SourceVersion "1"]
[SourceVersionDate "2014.02.28"]
[SourceQuality "1"]

1. e4 e5 2. Nf3 Nc6 3. Bb5 a6 4. Bxc6 dxc6 5. d4 exd4 6. Qxd4 Qxd4 7. Nxd4 Bd7 8. Bf4 0-0-0 9. Nc3 Ne7 10. 0-0-0 Ng6 11. Bg3 h5 12. h4 Bd6 13. Bxd6 cxd6 14. Nde2 Be6 15. b3 Rhe8 16. f3 Kc7 17. Ng3 Rh8 18. Rh2 Ne7 19. Nge2 g6 20. Nf4 Bc8 21. Nce2 d5 22. exd5 Nxd5 23. Nxd5+ Rxd5 24. Rxd5 cxd5 25. Nf4 Rd8 26. g3 Be6 1/2-1/2

[Event "Luiz Rego Memorial"]
[Site "Teresina"]
[Date "2013.08.18"]
[Round "5"]
[White "Pereira Fo, Hildebrando Apolon"]
[Black "Lima Neto, Pedro"]
[Result "0-1"]
[WhiteElo "1846"]
[BlackElo "2064"]
[PlyCount "82"]
[EventDate "2013.08.16"]
[EventType "swiss"]
[EventRounds "6"]
[EventCountry "BRA"]
[SourceTitle "EXT 2014"]
[Source "ChessBase"]
[SourceDate "2013.11.20"]
[SourceVersion "1"]
[SourceVersionDate "2013.11.20"]
[SourceQuality "1"]

1. c4 e5 2. Nf3 Nc6 3. Nc3 Nf6 4. d3 d5 5. cxd5 Nxd5 6. a3 Nb6 7. g3 Be7 8. Bg2 0-0 9. 0-0 Be6 10. Ne4 f6 11. Be3 Nd4 12. b4 Bb3 13. Qd2 Nc2 14. Rac1 Nxe3 15. fxe3 Bd5 16. Nh4 g6 17. Nc5 Bxc5 18. Rxc5 Bxg2 19. Nxg2 Qd6 20. Qc2 c6 21. e4 Rf7 22. Qb3 Kg7 23. Rf3 Nd7 24. Rc1 Nf8 25. Rcf1 Ne6 26. e3 Ng5 27. Ne1 Rd8 28. Kg2 Nxf3 29. Kxf3 f5 30. Ke2 Rdf8 31. exf5 Rxf5 32. Rxf5 Rxf5 33. Qc3 Qf6 34. e4 Rf2+ 35. Ke3 Rf1 36. Ke2 Qf2+ 37. Kd1 Qf3+ 38. Kd2 Rf2+ 39. Kc1 Qe3+ 40. Kd1 Qe2+ 41. Kc1 Rf1 0-1

[Event "Luiz Rego Memorial"]
[Site "Teresina"]
[Date "2013.08.17"]
[Round "3"]
[White "Segal, Alexandru Sorin"]
[Black "Lima Neto, Pedro"]
[Result "1-0"]
[WhiteElo "2134"]
[BlackElo "2064"]
[PlyCount "37"]
[EventDate "2013.08.16"]
[EventType "swiss"]
[EventRounds "6"]
[EventCountry "BRA"]
[SourceTitle "EXT 2014"]
[Source "ChessBase"]
[SourceDate "2013.11.20"]
[SourceVersion "1"]
[SourceVersionDate "2013.11.20"]
[SourceQuality "1"]

1. e4 c5 2. Nf3 d6 3. d4 cxd4 4. Qxd4 Nc6 5. Bb5 Bd7 6. Bxc6 Bxc6 7. Nc3 Nf6 8. Bg5 e6 9. 0-0-0 Be7 10. Rhe1 0-0 11. a3 Qa5 12. Qd2 a6 13. Kb1 Qc7 14. Nd4 b5 15. Bxf6 gxf6 16. Qh6 Kh8 17. Nd5 Bxd5 18. exd5 e5 19. Rd3 1-0

[Event "Luiz Rego Memorial"]
[Site "Teresina"]
[Date "2013.08.16"]
[Round "1"]
[White "De Ananias Castro, Anderson Patrick"]
[Black "Lima Neto, Pedro"]
[Result "0-1"]
[WhiteElo "1819"]
[BlackElo "2064"]
[PlyCount "73"]
[EventDate "2013.08.16"]
[EventType "swiss"]
[EventRounds "6"]
[EventCountry "BRA"]
[SourceTitle "EXT 2014"]
[Source "ChessBase"]
[SourceDate "2013.11.20"]
[SourceVersion "1"]
[SourceVersionDate "2013.11.20"]
[SourceQuality "1"]

1. e4 c5 2. Nf3 d6 3. Nc3 a6 4. Bc4 b5 5. Be2 e5 6. d3 f5 7. Ng5 Nf6 8. Nd5 Nxd5 9. exd5 Qf6 10. Bh5+ g6 11. Bf3 Ra7 12. Nh3 Bg7 13. Bg5 Qf7 14. Qe2 0-0 15. 0-0 f4 16. Rab1 h6 17. Bh4 Bxh3 18. gxh3 g5 19. c4 Nd7 20. Kh1 gxh4 21. Bh5 Qe7 22. Rg1 Nf6 23. Bg6 bxc4 24. dxc4 e4 25. Bf5 Qe5 26. Be6+ Kh8 27. b3 Qh5 28. Qe1 Qf3+ 29. Rg2 e3 30. fxe3 fxe3 31. Kg1 Ne4 32. Bg4 Qf2+ 33. Kh1 Qxe1+ 34. Rxe1 Raf7 35. Kg1 Bd4 36. Rge2 Nc3 37. Rg2 0-1

[Event "BRA-ch sf-B"]
[Site "Fortaleza"]
[Date "2012.11.04"]
[Round "8"]
[White "Lima Neto, Pedro"]
[Black "Luz, Edmundo Reis"]
[Result "1-0"]
[WhiteElo "2041"]
[BlackElo "2135"]
[PlyCount "103"]
[EventDate "2012.11.01"]
[EventType "swiss"]
[EventRounds "8"]
[EventCountry "BRA"]
[SourceTitle "EXT 2013"]
[Source "ChessBase"]
[SourceDate "2012.11.22"]
[SourceVersion "1"]
[SourceVersionDate "2012.11.22"]
[SourceQuality "1"]

1. e4 d6 2. d4 Nf6 3. Nc3 g6 4. f4 Bg7 5. Nf3 0-0 6. Bd3 c6 7. 0-0 b5 8. Kh1 Nbd7 9. e5 Ne8 10. Be3 Nc7 11. Qe1 b4 12. Ne4 Nd5 13. exd6 Re8 14. dxe7 Rxe7 15. Ne5 Qc7 16. Bd2 f6 17. Nxd7 Bxd7 18. Qf2 Bf5 19. Rae1 Rae8 20. Nc5 Bxd3 21. Nxd3 a5 22. Rxe7 Rxe7 23. g3 f5 24. Ne5 Nf6 25. Qe2 Ne4 26. Be3 Qd6 27. Kg1 Qd5 28. Ra1 Nd6 29. a3 b3 30. cxb3 Qxb3 31. Rc1 Bxe5 32. dxe5 Nf7 33. Rxc6 g5 34. Bd4 Qd5 35. Qc4 Qf3 36. e6 Qd1+ 37. Kg2 Qd2+ 38. Bf2 Nd6 39. Qd4 Qxd4 40. Bxd4 Ne8 41. Bc5 Rc7 42. Rxc7 Nxc7 43. e7 a4 44. fxg5 Kf7 45. h4 Ne6 46. Bb4 f4 47. gxf4 Nxf4+ 48. Kf3 Nd3 49. Ke3 Nxb2 50. Kd4 Nd1 51. h5 Nf2 52. g6+ 1-0

[Event "BRA-ch sf-B"]
[Site "Fortaleza"]
[Date "2012.11.02"]
[Round "3"]
[White "Chaves, Allysson Pereira"]
[Black "Lima Neto, Pedro"]
[Result "1-0"]
[WhiteElo "1942"]
[BlackElo "2041"]
[PlyCount "47"]
[EventDate "2012.11.01"]
[EventType "swiss"]
[EventRounds "8"]
[EventCountry "BRA"]
[SourceTitle "EXT 2013"]
[Source "ChessBase"]
[SourceDate "2012.11.22"]
[SourceVersion "1"]
[SourceVersionDate "2012.11.22"]
[SourceQuality "1"]

1. d4 Nf6 2. c4 e6 3. Nf3 b6 4. g3 Bb7 5. Bg2 Be7 6. 0-0 0-0 7. Nc3 Ne4 8. Qc2 Nxc3 9. bxc3 f5 10. Ne1 Bxg2 11. Nxg2 Nc6 12. e4 Na5 13. exf5 exf5 14. Re1 Bd6 15. h4 Qf6 16. Qa4 Nc6 17. c5 bxc5 18. dxc5 Be5 19. Be3 Kh8 20. Red1 Qf7 21. Rd3 Bf6 22. Bf4 Be5 23. Rad1 Rfd8 24. Qxc6 1-0

[Event "BRA-ch sf-B"]
[Site "Fortaleza"]
[Date "2012.11.01"]
[Round "1"]
[White "Brasil da Silva, Edvaldo"]
[Black "Lima Neto, Pedro"]
[Result "1-0"]
[WhiteElo "1800"]
[BlackElo "2041"]
[PlyCount "57"]
[EventDate "2012.11.01"]
[EventType "swiss"]
[EventRounds "8"]
[EventCountry "BRA"]
[SourceTitle "EXT 2013"]
[Source "ChessBase"]
[SourceDate "2012.11.22"]
[SourceVersion "1"]
[SourceVersionDate "2012.11.22"]
[SourceQuality "1"]

1. c4 c6 2. Nc3 d5 3. cxd5 cxd5 4. d4 Nf6 5. Bg5 Nc6 6. e3 a6 7. a3 Bf5 8. Bd3 Bxd3 9. Qxd3 e6 10. Nf3 Be7 11. 0-0 0-0 12. Rac1 Qa5 13. h4 Rac8 14. Rc2 h6 15. Bf4 Nd7 16. Rfc1 Nb6 17. Nd2 Nd7 18. Nb3 Qd8 19. Na4 Bxh4 20. Nac5 Nxc5 21. Nxc5 Qe7 22. Nxa6 Na7 23. Rc7 Qd8 24. Nb4 Be7 25. Rxc8 Nxc8 26. Qb5 Bxb4 27. Qxb4 b6 28. Bc7 Qd7 29. Bxb6 1-0

[Event "Carvalho Memorial op"]
[Site "Juazeiro do Norte"]
[Date "2012.10.13"]
[Round "4"]
[White "Lima Neto, Pedro"]
[Black "De Almeida, Benone Lopes Jr"]
[Result "0-1"]
[WhiteElo "2044"]
[BlackElo "2190"]
[PlyCount "86"]
[EventDate "2012.10.12"]
[EventType "swiss"]
[EventRounds "6"]
[EventCountry "BRA"]
[SourceTitle "EXT 2013"]
[Source "ChessBase"]
[SourceDate "2012.11.22"]
[SourceVersion "1"]
[SourceVersionDate "2012.11.22"]
[SourceQuality "1"]

1. e4 c5 2. Nf3 Nc6 3. d4 cxd4 4. Nxd4 Nf6 5. Nc3 e5 6. Ndb5 d6 7. Bg5 a6 8. Na3 b5 9. Nd5 Be7 10. Bxf6 Bxf6 11. c4 b4 12. Nc2 Rb8 13. b3 Bg5 14. g3 0-0 15. Bg2 f5 16. Qd3 Kh8 17. exf5 Bxf5 18. Be4 Bh3 19. Rd1 Qe8 20. Qe2 a5 21. Nc7 Qf7 22. Bxc6 Qxc7 23. Bd5 g6 24. Ne3 e4 25. Bxe4 Rbe8 26. f3 Qc5 27. Nd5 Bh6 28. Rd3 Bg7 29. Qe3 Bg2 30. Rf1 Qxe3+ 31. Rxe3 Bd4 32. Re2 Bxf1 33. Kxf1 Kg7 34. Kg2 g5 35. Rd2 Bc5 36. g4 Rf7 37. Rd3 h6 38. Rd2 Ra7 39. Rd3 a4 40. Kg3 axb3 41. axb3 Ra2 42. Ne3 Kf8 43. Nf5 Bg1 0-1